Catálogo
 En Linea

Mujerhombre / (Registro nro. 6002)

Detalles MARC
000 -CABECERA
campo de control de longitud fija 00710cam a2200229 a 4500
001 - NÚMERO DE CONTROL
campo de control 000006207
005 - FECHA Y HORA DE LA ÚLTIMA TRANSACCIÓN
campo de control 20200929153913.0
008 - DATOS DE LONGITUD FIJA--INFORMACIÓN GENERAL
campo de control de longitud fija 790205s1964 ag a 001 p spa
040 ## - FUENTE DE LA CATALOGACIÓN
Centro catalogador/agencia de origen DO-SdBNP
Centro/agencia transcriptor NBuU
Centro/agencia modificador OCoLC
-- DLC
082 ## - NÚMERO DE LA CLASIFICACIÓN DECIMAL DEWEY
Número de clasificación A861.44
Número de documento/Ítem H528m
100 1# - ENTRADA PRINCIPAL--NOMBRE DE PERSONA
Nombre de persona Henzo d'Alessio, Rafael,
Fechas asociadas al nombre 1922-
9 (RLIN) 17369
245 10 - MENCIÓN DE TÍTULO
Título Mujerhombre /
Mención de responsabilidad, etc. Rafael Henzo d'Alessio.
260 ## - PUBLICACIÓN, DISTRIBUCIÓN, ETC.
Lugar de publicación, distribución, etc. Buenos Aires, Argentina :
Nombre del editor, distribuidor, etc. Seijas-Goyanarte,
Fecha de publicación, distribución, etc. 1964.
300 ## - DESCRIPCIÓN FÍSICA
Extensión 66 p. :
Otras características físicas il. ;
Dimensiones 21 cm.
490 1# - MENCIÓN DE SERIE
Mención de serie Vertellos
490 1# - MENCIÓN DE SERIE
Mención de serie Poesía
504 ## - NOTA DE BIBLIOGRAFÍA, ETC.
Nota de bibliografía, etc. Incluye índice (p. 65)
650 #4 - PUNTO DE ACCESO ADICIONAL DE MATERIA--TÉRMINO DE MATERIA
Término de materia o nombre geográfico como elemento de entrada Poesía argentina
9 (RLIN) 3859
650 #4 - PUNTO DE ACCESO ADICIONAL DE MATERIA--TÉRMINO DE MATERIA
Término de materia o nombre geográfico como elemento de entrada Literatura argentina
9 (RLIN) 3860
830 #0 - PUNTO DE ACCESO ADICIONAL DE SERIE-TÍTULO UNIFORME
Título uniforme Vertellos,
Nombre de parte o sección de la obra poesía.
9 (RLIN) 17370
910 ## - DATOS DE OPCIÓN DEL USUARIO (OCLC)
Datos de opción del usuario Catalogación por copia / LC
Existencias
Estado de retiro Estado de pérdida Restricciones de uso No para préstamo Código de colección Localización permanente Ubicación/localización actual Ubicación en estantería Fecha de adquisición Número de inventario Total de préstamos Signatura topográfica completa Código de barras Fecha visto por última vez Precio válido a partir de Tipo de ítem Koha
    Préstamo interno   Monografías: Libros y Folletos General General En catalogación 26.08.2009 LF1   A861.44 H528m 6207-10 25.06.2020 25.06.2020 Préstamo interno

Con tecnología Koha